Բանաստեղծութիւններ եւ պոեմներ : (Record no. 530014)
[ view plain ]
| 000 -LEADER | |
|---|---|
| fixed length control field | 01031nam a22002417a 4500 |
| 001 - CONTROL NUMBER | |
| control field | 1830346 |
| 003 - CONTROL NUMBER IDENTIFIER | |
| control field | AM-YEHGA |
| 005 - DATE AND TIME OF LATEST TRANSACTION | |
| control field | 20250617164821.0 |
| 008 - FIXED-LENGTH DATA ELEMENTS--GENERAL INFORMATION | |
| fixed length control field | 220422s2022 ai o|||gr|||||001|1|arm|| |
| 020 ## - INTERNATIONAL STANDARD BOOK NUMBER | |
| International Standard Book Number | 9785540025393 |
| 040 ## - CATALOGING SOURCE | |
| Original cataloging agency | AM-YeHGA |
| 041 0# - LANGUAGE CODE | |
| Language code of text/sound track or separate title | arm |
| 090 ## - LOCALLY ASSIGNED LC-TYPE CALL NUMBER (OCLC); LOCAL CALL NUMBER (RLIN) | |
| -- | 568505 |
| 100 1# - MAIN ENTRY--PERSONAL NAME | |
| Personal name | Բիւրատ, Սմբատ |
| Dates associated with a name | 1862-1915 |
| 245 10 - TITLE STATEMENT | |
| Title | Բանաստեղծութիւններ եւ պոեմներ : |
| Remainder of title | Երկերու ժողովածու / |
| Statement of responsibility, etc. | Ս. Բիւրատ ; Կազմեց եւ անտիպ բնագրերը վերծանեց՝ Հ․ Հախվերդյանը ; Առաջաբանի հեղինակ՝ Հ․ Բիւրատ․ |
| 260 ## - PUBLICATION, DISTRIBUTION, ETC. | |
| Place of publication, distribution, etc. | Երեւան : |
| Name of publisher, distributor, etc. | Հայաստան, |
| Date of publication, distribution, etc. | 2022․ |
| 300 ## - PHYSICAL DESCRIPTION | |
| Extent | 208 էջ ։ |
| Other physical details | լուսանկարներ ; |
| Dimensions | 17 սմ․ |
| 504 ## - BIBLIOGRAPHY, ETC. NOTE | |
| Bibliography, etc. note | Տողատակում՝ ծանոթագրություններ։ |
| 650 14 - SUBJECT ADDED ENTRY--TOPICAL TERM | |
| Topical term or geographic name entry element | Հայ պոեզիա |
| 700 1# - ADDED ENTRY--PERSONAL NAME | |
| Personal name | Հախվերդյան, Հասմիկ |
| Relator term | կազմող |
| Relationship | com |
| 700 1# - ADDED ENTRY--PERSONAL NAME | |
| Personal name | Բիւրատ, Հայկ |
| Relator term | առաջաբանի հեղինակ |
| Relationship | aui |
| 942 ## - ADDED ENTRY ELEMENTS (KOHA) | |
| Source of classification or shelving scheme | Universal Decimal Classification |
| Koha item type | Գրքեր / Books |
| Withdrawn status | Lost status | Source of classification or shelving scheme | Damaged status | Not for loan | Collection | Home library | Current library | Date acquired | Total checkouts | Full call number | Barcode | Date last seen | Price effective from | Koha item type | Public note |
|---|---|---|---|---|---|---|---|---|---|---|---|---|---|---|---|
| Universal Decimal Classification | General | Fundamental Scientific Library | Fundamental Scientific Library | 22/04/2022 | AI/21594 | FL0676122 | 05/04/2024 | 22/04/2022 | Գրքեր / Books | 30 Days Loan |
ՀՀ Գիտությունների ազգային ակադեմիայի հիմնարար գիտական գրադարան = Fundamental Scientific Library of NAS RA
All site content, except where otherwise noted, is licensed under a